بورژوارژی بورژوارژی : (Record no. 108389)

MARC details
000 -LEADER
fixed length control field 00932nam a22002537a 4500
005 - DATE AND TIME OF LATEST TRANSACTION
control field 20170123162339.0
010 ## - LIBRARY OF CONGRESS CONTROL NUMBER
LC control number B-012689
020 ## - INTERNATIONAL STANDARD BOOK NUMBER
Terms of availability 150.00
035 ## - SYSTEM CONTROL NUMBER
System control number B-012689
037 ## - SOURCE OF ACQUISITION
Source of stock number/acquisition Cen Lib/Ret
040 ## - CATALOGING SOURCE
Original cataloging agency DPL
Language of cataloging UR
082 ## - DEWEY DECIMAL CLASSIFICATION NUMBER
Classification number 840.8
Item number ع ل و
100 ## - MAIN ENTRY--PERSONAL NAME
Personal name علوی، وارث
9 (RLIN) 126333
245 ## - TITLE STATEMENT
Title بورژوارژی بورژوارژی :
Statement of responsibility, etc وارث علوی
Remainder of title ادبی تنقیدی مضامین /
246 ## - VARYING FORM OF TITLE
Title proper/short title Bourgeoisie Bourgeoisie : adabi tanqeedi mazameen /
Remainder of title by Varis Alavi
260 ## - PUBLICATION, DISTRIBUTION, ETC. (IMPRINT)
Place of publication, distribution, etc نیی دہلی
Name of publisher, distributor, etc موڈرن پبلشنگ ہاؤس
Date of publication, distribution, etc 1999
270 ## - ADDRESS
City نیی دہلی
Address ٩، گولہ مارکیٹ دریاگنج
Postal code 110002
300 ## - PHYSICAL DESCRIPTION
Extent 144p.
Dimensions 21cm(Hb)
650 ## - SUBJECT ADDED ENTRY--TOPICAL TERM
Topical term or geographic name as entry element ادب - اردو
9 (RLIN) 126334
650 ## - SUBJECT ADDED ENTRY--TOPICAL TERM
Topical term or geographic name as entry element اردو تنقیدی مضامین
9 (RLIN) 114356
650 ## - SUBJECT ADDED ENTRY--TOPICAL TERM
Topical term or geographic name as entry element Literature -- Urdu
9 (RLIN) 126335
650 ## - SUBJECT ADDED ENTRY--TOPICAL TERM
Topical term or geographic name as entry element Critical urdu articles
9 (RLIN) 126336
942 ## - ADDED ENTRY ELEMENTS (KOHA)
Source of classification or shelving scheme Dewey Decimal Classification
Koha item type Urdu Bks
Classification part 840.8
Call number suffix ع ل و
Holdings
Withdrawn status Lost status Damaged status Not for loan Home library Current library Date acquired Source of acquisition Cost, normal purchase price Total Checkouts Full call number Barcode Date last seen Copy number Cost, replacement price Price effective from Koha item type
        Central Library Central Library 20/01/2016 Cen Lib/Ret 150.00   840.8 ع ل و B-012689 20/01/2016 1 150.00 20/01/2016 Urdu Bks

© Delhi Public Library
Hit Counter
free hit counter